000 00766nam a2200229 i 4500
001 91413
003 ES-MaACL
005 20230906180721.0
007 t|
008 050131s1935 fr ||||1| fre d
100 1 _aLévy-Bruhl, Lucien.
_972014
245 1 3 _aLa mythologie primitive
_b: le monde des australiens et les papons /
_cpar Lucien Lévy-Bruhl.
250 _a4eme ed.
260 _aParis :
_b[Presses Universitaires de France],
_c1935.
300 _aXLVII, 335 p. ;
_c23 cm.
490 1 _aBibliothèque de philosophie contemporaine
650 4 _aMitología papú.
_9157167
650 4 _aMitología aborigen australiana.
_9157168
830 0 _aBibliothèque de philosophie contemporaine
_9181027
852 _aES-MaACL
_jA-3311
999 _c91413
_d91413